000 01383nam a2200409 i 4500
001 197958
003 ES-MaACL
005 20251219063023.0
007 ta
008 251114s2024 sp a |||||| 000 0 spa|
017 _aM 7767-2025
_bOficina Depósito Legal Madrid
020 _a978-84-10167-49-0
040 _aES-MaACL
_bspa
_cES-MaACL
_erda
080 _a111
080 _a165.01
080 _a17
100 1 _998579
_aRodríguez Huéscar, Antonio
_eaut
245 1 0 _aÉthos y lógos /
_cAntonio Rodríguez Huéscar ; edición de José Lasaga Medina
250 _aPrimera edición: mayo, 2025
264 1 _a[Madrid] :
_bEdiciones Cinca,
_c[2025]
300 _a210 páginas ;
_c21 cm
336 _atexto
_2rdacontent
337 _asin mediación
_2rdamedia
338 _avolumen
_2rdacarrier
490 0 _aEscuela de Madrid;
_vnº 2
500 _aEn la portada: Cátedra Ortega
504 _aIncluye referencias bibliográficas e índices
650 4 _916683
_aRealidad
650 4 _916678
_aRazón
650 7 _2embne
_912577
_aÉtica
700 1 _9238583
_aLasaga Medina, José
_eedt
852 _aES-MaACL
_cDEPO1
_jA-15881
_xEncuadernación rústica con solapas
_9207001
942 _cMONOGRAFIA
_n0
999 _c197958
_d197958